Estatísticas para Bulgária

Clique aqui para jogar o quiz

Estatísticas Gerais

  • Esse quiz foi jogado 2 vezes
  • A pontuação média é 6 de 15

Estatísticas das Respostas

Resposta% Correto
Sófia
100%
7 Lagos de Rila
50%
Action Aquapark
50%
Church St. George Rotunda
50%
Fortaleza de Kaliakra
50%
Igreja de Boiana
50%
Monumento Buzludja
50%
Mosteiro de Rila
50%
Plovdiv
50%
Varna
50%
Catedral de Alexandre Nevsky
0%
Pirin National Park
0%
Sunny Beach
0%
Tsarevets
0%
Vitosha Mountain
0%

Distribuição das Pontuações

Percentil de Números Respondidos

Porcentagem de Pessoas com Cada Pontuação

Sua Pontuação Histórica

Você não jogou esse quiz